000 00350nam a2200109Ia 4500
008 171204s9999 xx 000 0 und d
245 _aCinema of the Dark Side: Atrocity and the Ethics of Film Spectatorship:
245 _cShohini Chaudhuri
260 _c2014
650 _xINTRODUCTION TO FILM
856 _uhttp://down.ebook777.com/058/0748642633.pdf
999 _c346122
_d346122